| 000 | 00812cam a22002777a 4500 | ||
|---|---|---|---|
| 001 | 15106789 | ||
| 005 | 20171222071927.0 | ||
| 008 | 071210s2008 kyua b 001 0 eng | ||
| 010 | _a 2007942968 | ||
| 020 | _a9781581501797 | ||
| 020 | _a158150179X | ||
| 035 | _a(OCoLC)ocn227815052 | ||
| 040 |
_aSJL _cSJL _dABG _dDLC |
||
| 041 | _aeng | ||
| 042 | _alccopycat | ||
| 080 | _a798.209 JEN | ||
| 082 | 0 | 4 |
_a798.209 JEN _222 |
| 100 | 1 | _a17 | |
| 101 | _aHIS | ||
| 245 | 1 | 0 |
_aOlympic equestrian : _cJennifer O. Bryant. |
| 504 | _aIncludes bibliographical references (p. 258-260) and index. | ||
| 906 |
_a7 _bcbc _ccopycat _d2 _encip _f20 _gy-gencatlg |
||
| 942 |
_2ddc _cBK |
||
| 999 |
_c39337 _d39337 |
||